Oeuvres completès de Lord Byron
Sparad:
| Materialtyp: | Bok |
|---|---|
| Språk: | franska |
| Publicerad: |
París
Garner Fréres, Libraires Editeurs
1877
|
| Upplaga: | 15a. ed |
| Ämnen: | |
| Taggar: |
Lägg till en tagg
Inga taggar, Lägg till första taggen!
|
MARC
| LEADER | 00000nam a2200000 a 4500 | ||
|---|---|---|---|
| 001 | UCP7544 | ||
| 003 | CL-VaPUC | ||
| 008 | 991217e18770000FR |||||||||||||||||fre|d | ||
| 082 | 0 | 4 | |a 820.2 |b OEU |2 21 |
| 245 | 1 | 0 | |a Oeuvres completès de Lord Byron |
| 250 | |a 15a. ed | ||
| 300 | |a v | ||
| 942 | |c BK | ||
| 945 | |d 19991217 00:00:00 |a rherrera | ||
| 260 | |a París |b Garner Fréres, Libraires Editeurs |c 1877 | ||
| 650 | 0 | |a Cuentos ingleses |9 265135 | |
| 650 | 0 | |a Literatura inglesa |9 312907 | |
| 583 | |a last modification |c 19991217 00:00:00 |k Rodrigo Vera | ||
| 999 | |c 284667 |d 284665 | ||
| 952 | |0 0 |1 0 |4 0 |6 820_200000000000000_OEU_1877 |7 0 |8 X |9 328838 |a BIBHIS |b BIBHIS |d 2019-11-20 |h v.4 |i 1378910 |o 820.2 OEU 1877 |p 1378910 |r 2024-01-30 |w 2019-11-20 |y BK_X |k HIS | ||